EPR štúdium prenosu vodíka z fenolov a sekundárnych amínov na RO2 a RO radikály : Obh. 29.5.1990 habilitačná práca /

Gespeichert in:
Bibliographische Detailangaben
1. Verfasser: Omelka, Ladislav (Verfasst von)
Format: Manuskript Buch
Sprache:Slowakisch
Veröffentlicht: Bratislava : SVŠT v Bratislave ChtF, 1990
Schriftenreihe:Katedra fyzikálnej chémie
Tags: Tag hinzufügen
Keine Tags, Fügen Sie das erste Tag hinzu!

MARC

LEADER 00000ntm a22000003a 4500
001 stu17179
005 20150617225758.4
008 910318s1990----cs------------------slo-d
040 |a STU  |b slo 
041 0 |a slo 
044 |a cs 
080 |a 543.422.27(043.5) 
100 1 |a Omelka, Ladislav  |4 aut 
245 1 |a EPR štúdium prenosu vodíka z fenolov a sekundárnych amínov na RO2 a RO radikály :  |b Obh. 29.5.1990 habilitačná práca /  |c [aut.]Omelka,Ladislav 
260 |a Bratislava :  |b SVŠT v Bratislave ChtF,  |c 1990 
300 |a Nepr.str :  |b Tab.,grafy 
830 0 |a Katedra fyzikálnej chémie 
996 |b CH2  |c C*H2  |l CCI  |s A  |a 24  |w stu17179_0001